00446nam a22001577a 4500003000400000082001800004100002000022245002600042260004400068300000800112650001700120653001700137942001200154952010500166999001700271SGT a617.632bT21V aVerma, Priyanka aTotal TMJ Replacement aGurugram, HaryanabSGT Universityc2021 a119 aOral Surgery aOral Surgery 2ddccTH 00102ddc405171aFDbFDd2022-12-22l0o617.632 T21VpDT1389r2022-12-22 00:00:00w2022-12-22yTH c23610d23610